ბათუმის შოთა რუსთაველის სახელმწიფო უნივერსიტეტის ბიბლიოთეკა

Inclusion and autism spectrum disorder : (ბიბ.ჩანაწერი № 58090)

000 -LEADER
fixed length control field 01136cam a2200229 i 4500
001 - CONTROL NUMBER
control field 20275317
005 - DATE AND TIME OF LATEST TRANSACTION
control field 20221108160147.0
008 - FIXED-LENGTH DATA ELEMENTS--GENERAL INFORMATION
fixed length control field 180111s2018 nyua b 000 0 eng
020 ## - INTERNATIONAL STANDARD BOOK NUMBER
International Standard Book Number 9781138931756 X
041 ## - LANGUAGE CODE
Language code of text/sound track or separate title eng
080 ## - UNIVERSAL DECIMAL CLASSIFICATION NUMBER
Universal Decimal Classification number 616.896+376.2 D-41
100 1# - MAIN ENTRY--PERSONAL NAME
Personal name Denning, Christopher
Dates associated with a name
9 (RLIN) 12025
245 10 - TITLE STATEMENT
Title Inclusion and autism spectrum disorder :
Remainder of title proactive strategies to support students /
Statement of responsibility, etc. Christopher B. Denning and Amelia K. Moody.
264 #1 - PRODUCTION, PUBLICATION, DISTRIBUTION, MANUFACTURE, AND COPYRIGHT NOTICE
Place of production, publication, distribution, manufacture New York :
Name of producer, publisher, distributor, manufacturer Routledge, Taylor & Francis Group,
Date of production, publication, distribution, manufacture, or copyright notice 2018.
300 ## - PHYSICAL DESCRIPTION
Extent 157 pages :
Other physical details illustrations ;
Dimensions 24 cm.
653 ## - INDEX TERM--UNCONTROLLED
keyword ინკლუზია და აუტიზმის სპექტრის აშლილობა
653 ## - INDEX TERM--UNCONTROLLED
keyword Инклюзия и расстройство аутистического спектра
653 ## - INDEX TERM--UNCONTROLLED
keyword აუტიზმის სპექტრის დარღვევების მქონე ახალგაზრდები
653 ## - INDEX TERM--UNCONTROLLED
keyword Молодежь с расстройствами аутистического спектра
700 1# - ADDED ENTRY--PERSONAL NAME
Personal name Moody, Amelia K.,
Relator term ავტორი
9 (RLIN) 12026
942 ## - ADDED ENTRY ELEMENTS (KOHA)
Koha item type წიგნი
Source of classification or shelving scheme
ეგზემპლარები
Withdrawn status Lost status Source of classification or shelving scheme Damaged status Not for loan Permanent Location Current Location Shelving location Date acquired Cost, normal purchase price Full call number Barcode Date last seen Copy number Price effective from Koha item type Public note
          ბათუმის შოთა რუსთაველის სახელმწიფო უნივერსიტეტის მთავარი ბიბლიოთეკა ბათუმის შოთა რუსთაველის სახელმწიფო უნივერსიტეტის მთავარი ბიბლიოთეკა წიგნსაცავი 2021-06-11 99.00 616.896+376.2 D-41 61370 2021-06-11 61370 2021-06-11 წიგნი 99 ლ.